000 01179nam0a22003251 4500
001 rc\4644265
005 20260405155333.0
010 _d16 к.
_910000
021 _aRU
_b[68-20309]
035 _a(NLR Aleph) 008409953
090 _a9290121
_c9290121
100 _a20130416d1968 |||y0rusy50 ca
101 1 _arus
_cest
102 _aRU
105 _aa z |||b|
200 1 _aВдова полковника, или Врачи ничего не знают...
_eсцены из жизни, 1965 год
_fЮхан Смуул
_g[перевел с эстонского Леон Тоом]
210 _aМосква
_c"Искусство"
_d1968
215 _a48 с., 4 л. ил.
_d16
225 1 _aСегодня на сцене
300 _aСерия указана на обложке
517 1 _aВрачи ничего не знают...
686 1 _aЩ330(2Э-7)
700 1 _aСмуул
_bЮ.
_f1922-1971
_gЮхан
_3RU\NLR\AUTH\7766141
_949070
702 1 _aТоом
_bЛ. В.
_f1921-1969
_gЛеон Валентинович
_4730
801 0 _aRU
_bNLR
_gpsbo
801 1 _aRU
_bELAR
_2rusmarc
852 _aNLR
_j68-2/1021
942 _cBOOK
980 _aNB